00516 a2200157 450000500170000001000150001702000260003203500140005803700130007208200080008510000170009324500910011026000700020127000600027130000270033120220324142616.0 aENG-132111 a9789385606335c675.00 aEN-115643 bDBAD/PUB a777 aYadav,Anubha aScripting Bollywood:bCandid Conversations with Women Who Write Cinema/cAnubhav Yadav aNew DelhibWomen Unlimited (an associate of Kali for Women)c2021 a7/10, First Floor, Sarvapriya Vihar bNew Delhie110016 axvii, 300pc22cm (pbk)